00674nam a2200217Ia 450000500170000000800410001704000190005804100120007708200150008910000230010424500720012726000350019930000120023450400360024665000150028265100230029785000100032094200070033099900170033795201020035420221014122043.0131103s9999 xx 000 0 und d aLoreto College aEnglish a150.1bWOL aWolman, Benjamin B aContemporary theories and systems in PsychologycBenjamin B. Wolman aNew YorkbHarper and Rowc1960 ax,613p  aIncludes bibliography and index aPsychology aPsychology, Theory aLCLIB cBK c19126d69605 00102ddc4070aMAINbMAINd2013-11-04l0o150.1 WOL 14862pB20053r2013-11-04w2013-11-04yBKf